ბათუმის შოთა რუსთაველის სახელმწიფო უნივერსიტეტის ბიბლიოთეკა

ნიკო ნიკოლაძის სოციალურ–პოლიტიკური შეხედულებანი / (ბიბ.ჩანაწერი № 37941)

000 -ლიდერი
ფიქსირებული სიგრძის საკონტროლო ველი 00901nam a2200217Ia 4500
001 - საკონტროლო ნომერი
საკონტროლო ველი 3922
003 - საკონტროლო ნომრის იდენტიფიკატორი
საკონტროლო ველი GE_BSU
005 - ბოლო ოპერაციის თარიღი და დრო
საკონტროლო ველი 20190916114201.0
008 - ფიქსირებული სიგრძის მონაცემთა ელემენტები - ზოგადი ინფორმაცია
ფიქსირებული სიგრძის საკონტროლო ველი 181216s1955||||ge |||||||||||||| ||geo||
040 ## - კატალოგიზაციის წყარო
Transcribing agency GE_BSU
041 ## - ენის კოდი
Language code of text/sound track or separate title geo
080 ## - უნივერსალური ათობითი კლასიფიკაციის ინდექსი
Universal Decimal Classification number 30(092)+32.001(092) ზ–39
100 ## - მთავარი ჩანაწერი - პიროვნების სახელი
Personal name ზაქარიაძე, გ.
9 (RLIN) 4011
245 ## - ცნობა სათაურის შესახებ
Title ნიკო ნიკოლაძის სოციალურ–პოლიტიკური შეხედულებანი /
Statement of responsibility, etc რედ. ი. ყიფიანი.
264 ## - წარმოების, გამოცემის, დისტრიბუციის და სხვა ცნობები
გამოცემის, წარმოების, დისტრიბუციის... ადგილი თბ. :
გამოცემის, წარმოების, დისტრიბუციის... სახელწოდება სახელგამი,
გამოცემის, წარმოების, დისტრიბუციის... თარიღი 1955.
300 ## - ფიზიკური აღწერა
Extent 288 გვ. ;
Other physical details 17 სმ.
600 ## - SUBJECT ADDED ENTRY--PERSONAL NAME
Personal name ნიკოლაძე ნიკო
9 (RLIN) 3865
653 ## - INDEX TERM--UNCONTROLLED
Uncontrolled term ქართული საზოგადოებრივი აზრის ისტორია
700 ## - ADDED ENTRY--PERSONAL NAME
Personal name ყიფიანი, ი.
Relator term რედაქტორი
9 (RLIN) 4012
942 ## - ADDED ENTRY ELEMENTS (KOHA)
Koha item type წიგნი
Source of classification or shelving scheme
ეგზემპლარები
ჩამოწერის სტატუსი დაკარგული ეგზემპლარის სტატუსი კლასიფიკაციის წყარო ან თაროზე გაწყობის სქემა დაზიანების სტატუსი არ გაიცემა მუდმივი მდებარეობა (დაცვის ადგილი) ამჟამინდელი ადგილსამყოფელი თაროზე განთავსების ადგილი შეძენის თარიღი ღირებულება, შესყიდვის ნორმალური ფასი სრული შენახვის შიფრი შტრიხკოდი ბოლო ოპერაციის თარიღი ეგზემპლარის მიმდევრობითი ნომერი (კეტერი?) ფასის ძალაში შესვლის თარიღი ეგზემპლარის სახეობა საჯარო შენიშვნა
          ბათუმის შოთა რუსთაველის სახელმწიფო უნივერსიტეტის მთავარი ბიბლიოთეკა ბათუმის შოთა რუსთაველის სახელმწიფო უნივერსიტეტის მთავარი ბიბლიოთეკა წიგნსაცავი 2018-12-17 2.00 30(092)+32.001(092) ზ–39 5642 2018-12-17 5642 2018-12-17 წიგნი 2 ლ.